| 000 | 01291cam a22003375a 4500 | ||
|---|---|---|---|
| 001 | 873160 | ||
| 003 | EG-ScBUE | ||
| 005 | 20221213101816.0 | ||
| 008 | 900917s1993 enkbk f b 001 0 eng d | ||
| 020 | _a9780521445771 | ||
| 020 | _a0521445779 (paperback) | ||
| 035 | _a(OCoLC)ocm19970534 | ||
| 035 | _a(OCoLC)19970534 | ||
| 035 | _a(CStRLIN)NYCG90-B57875 | ||
| 035 | _a(NNC)873160 | ||
| 040 |
_aDLC _beng _erda _cDLC _dPMC _dMUQ _dNLGGC _dBTCTA _dYDXCP _dBAKER _dUKM _dOCLCG _dEG-ScBUE |
||
| 082 | 0 | 4 |
_a728.01 _bDOM _222 |
| 245 | 0 | 0 |
_aDomestic architecture and the use of space : _ban interdisciplinary cross-cultural study / _cedited by Susan Kent, Old Dominion University, Norfolk. |
| 264 | 1 |
_aCambridge ; _aNew York : _bCambridge University Press, _c1993. |
|
| 300 |
_a192 pages : _bforms, maps ; _c28 cm. |
||
| 490 | 0 | _aNew directions in archaeology | |
| 504 | _aIncludes bibliographical references and index. | ||
| 650 | 7 |
_aSpace (Architecture) _vCross-cultural studies. _2BUEsh |
|
| 650 | 7 |
_aDwellings _vCross-cultural studies. _2BUEsh |
|
| 650 | 7 |
_aArchitecture and society _vCross-cultural studies. _2BUEsh |
|
| 651 | _2BUEsh | ||
| 653 |
_bGGEN _bENGARC _cNovember2015 |
||
| 655 | _vReading book | ||
| 700 | 1 |
_aKent, Susan, _d1952-2003, _eeditor. |
|
| 942 |
_2ddc _k728.01 DOM _cBB |
||
| 999 |
_c21041 _d21013 |
||